00649nam a2200157Ia 4500008004100000041001200041082002500053100003200078245009900110260003600209300001500245650002800260942000700288999001900295952017700314231217s9999 xx 000 0 und d aEnglish a001.6424 UNI COO `R' aGoodheart, Berny Cox, James 4aThe magic garden explained: The internals of Unix system V release 4 ( An open systems design) c1994bNew York : Prentice-Hall, axxviii+664 aUnix system V release 4 cAA c167389d167389 r2024-01-26 00:00:00l0o001.6424 UNI COO `R'p16465v1949.94w2024-01-26yAA1040708CL00aMLbMLd2000-11-20eVinayakag2294.05ECSK1186L17/11/2003GRSF1V344.11W15